Estructuras de identificación basadas en funciones canónicas lineales a tramos /
Guardado en:
| Otros Autores: | , |
|---|---|
| Formato: | Manuscrito |
| Idioma: | Spanish |
| Publicado: |
2011.
|
| Materias: | |
| Acceso en línea: | Texto completo |
| Etiquetas: |
Agregar Etiqueta
Sin Etiquetas, Sea el primero en etiquetar este registro!
|
| LEADER | 01275ntm a22003015a 4500 | ||
|---|---|---|---|
| 001 | MAT.inmabb007036 | ||
| 008 | 120507s2011####ag#a#####bm###000#0#spa#d | ||
| 005 | 20160902090703.0 | ||
| 245 | 1 | 0 | |a Estructuras de identificación basadas en funciones canónicas lineales a tramos / |c Marcela P. Álvarez. |
| 260 | |c 2011. | ||
| 300 | |a xxiii, 151 p. : |b il. ; |c 30 cm. | ||
| 500 | |a "Tesis de Doctora en Matemática". | ||
| 500 | |a Director de tesis: Liliana Raquel Castro. | ||
| 502 | |a Tesis (doctoral)--Universidad Nacional del Sur. Departamento de Matemática, 2011. | ||
| 530 | |a Disponible también en formato digital. | ||
| 504 | |a Incluye referencias bibliográficas. | ||
| 100 | 1 | |a Álvarez, Marcela P. |q (Marcela Patricia) |4 dis | |
| 700 | 1 | |a Castro, Liliana Raquel. |4 ths | |
| 710 | 2 | |a Universidad Nacional del Sur. |b Departamento de Matemática |4 dgg. | |
| 082 | 0 | 4 | |a 040 |2 15 |
| 082 | 0 | 4 | |a 511.8 |2 21 |
| 082 | 0 | 4 | |a 003.85 |2 21 |
| 650 | 7 | |a Matemáticas. |2 unbist | |
| 650 | 7 | |a Modelos matemáticos. |2 unbist | |
| 653 | |a Sistemas dinámicos | ||
| 856 | 4 | 1 | |3 Texto completo |u http://repositoriodigital.uns.edu.ar/handle/123456789/2243 |
| 859 | |a AR-BaUNS |b BIB. MATEMATICA |h 040 |i B148 2011-1128a |k R |p 122871/012 | ||
| 859 | |a AR-BaUNS |b BIB. MATEMATICA |h 040 |i B148 2011-1128a |p 122872/012 | ||
